মানবতার চূড়ান্ত প্রতিপাদন / (Record no. 40642)
[ view plain ]
| 000 -LEADER | |
|---|---|
| fixed length control field | 00822nam a2200217 a 4500 |
| 001 - CONTROL NUMBER | |
| control field | 40642 |
| 003 - CONTROL NUMBER IDENTIFIER | |
| rucl marc code | BD-RjUL |
| 005 - DATE AND TIME OF LATEST TRANSACTION | |
| control field | 20211209053247.0 |
| 008 - FIXED-LENGTH DATA ELEMENTS--GENERAL INFORMATION | |
| fixed length control field | 160507s1995 bg ||||| |||| 00| 0 ben d |
| 035 ## - SYSTEM CONTROL NUMBER | |
| System control number | (BD-RjUL) 40757 |
| 040 ## - CATALOGING SOURCE | |
| Original cataloging agency | BD-RjUL |
| Language of cataloging | ben |
| Transcribing agency | BD-RjUL |
| 041 ## - LANGUAGE CODE | |
| Language code of text/sound track or separate title | ben |
| 082 ## - DEWEY DECIMAL CLASSIFICATION NUMBER | |
| Edition number | 23 |
| Classification number | 297 |
| Author mark and year | 1995 SIM |
| 100 ## - MAIN ENTRY--PERSONAL NAME | |
| Personal name | সিরাজ, মো: সিরাজুল ইসলাম |
| 9 (RLIN) | 125061 |
| 245 10 - TITLE STATEMENT | |
| Title | মানবতার চূড়ান্ত প্রতিপাদন / |
| Statement of responsibility, etc. | মো: সিরাজুল ইসলাম সিরাজ |
| 260 ## - PUBLICATION, DISTRIBUTION, ETC. (IMPRINT) | |
| Place of publication, distribution, etc. | বগুড়া : |
| Name of publisher, distributor, etc. | মো: সিরাজুল ইসলাম সিরাজ, |
| Date of publication, distribution, etc. | ১৯৯৫ |
| 300 ## - PHYSICAL DESCRIPTION | |
| Pagination | [৬], ১২৫ পৃ. ; |
| Size | ২৫ সেমি. |
| 650 ## - SUBJECT ADDED ENTRY--TOPICAL TERM | |
| Topical term or geographic name as entry element | ইসলাম |
| 9 (RLIN) | 125062 |
| Topical term or geographic name as entry element | Islam |
| 9 (RLIN) | 125063 |
| 942 ## - ADDED ENTRY ELEMENTS (KOHA) | |
| Source of classification or shelving scheme | Dewey Decimal Classification |
| Koha item type | Books |
| Lost status | Source of classification or shelving scheme | Damaged status | Not for loan | Collection code | Permanent Location | Current Location | Shelving location | Date acquired | Source of acquisition | Total Checkouts | Full call number | Date last seen | Copy number | Koha item type |
|---|---|---|---|---|---|---|---|---|---|---|---|---|---|---|
| Dewey Decimal Classification | Not For Loan | Non-fiction | Central Library, University of Rajshahi | Central Library, University of Rajshahi | Reading Room | 13/07/1996 | Dr. Abdur Rahman Siddiki, RU. | B 297 SIM 1995 | 07/05/2016 | C-1 | Books |